000
00215nam a2200097Ia 4500
008
200302s9999 xx 000 0 und d
100
_a
Author
245
_a
The Architecture Machine
260
_b
Publisher
300
_a
151p.,
999
_c
75
_d
75